00978cam a2200229 a 4500001001300000003000400013005001700017008004100034010001700075040001800092050002200110100001700132245018700149260012500336300003400461440004500495500001700540505008400557650003200641700005800673999001700731sa 68000555 DLC20260227112425.0990324m19809999ii 000 0 san  asa 68000555  aDLCcWaUdDLC00aPK541b.B48 1963a0 aBhartr̥hari10aVākyapadīyam /cŚrīraghunāthaśarmaṇā viracitayā ; Ambākartrīsamākhyayā vyākhyayāsahitam ; Ko. A. Subrahmaṇya-Ayyara-likhitopoddhātasamalaṅkr̥tam. aVārāṇasyām :bDirector, Research Institute, Varanaseya Sanskrit Vishwavidyalaya,c1885-<1919 > [1963-<1997 > av. <1-3; 3 in 2 > ;c25 cm. 0aSarasvatībhavana-granthamālā ;v91 aIn Sanskrit.1 a1. Brahmakāṇaḍam -- 2. Vākykāṇḍam.- 3. (pt. i-ii) Padakāṇḍa 0aSanskrit languagexGrammar.12aŚarmā, Raghunātha,d1901-1989.tAmbākartrī. c77293d77293